[Event "SWE-chT 2223 Elite"]
[Site "Sweden"]
[Date "2023.03.10"]
[Round "7.4"]
[White "Schneider, Stefan"]
[Black "Glimbrant, Torbjorn"]
[Result "1-0"]
[WhiteElo "2372"]
[BlackElo "2133"]
[PlyCount "81"]
[EventDate "2022.10.14"]
[EventType "team-tourn"]
[EventRounds "9"]
[EventCountry "SWE"]
[SourceTitle "CBM 213 Extra"]
[Source "ChessBase"]
[SourceDate "2023.05.31"]
[SourceVersion "1"]
[SourceVersionDate "2023.05.31"]
[SourceQuality "1"]
[WhiteTeam "Limhamn"]
[BlackTeam "Kungstornet"]
[WhiteTeamCountry "SWE"]
[BlackTeamCountry "SWE"]

1. d4 d5 2. c4 e6 3. Nc3 Be7 4. Nf3 Nf6 5. Bg5 0-0 6. e3 h6 7. Bh4 b6 8. Bd3 Bb7 9. 0-0 dxc4 10. Bxc4 Nbd7 11. Qe2 a6 12. Rfd1 b5 13. Bb3 Ne4 14. Nxe4 Bxh4 15. d5 e5 16. a4 bxa4 17. Bxa4 f5 18. Bxd7 fxe4 19. Be6+ Kh8 20. Nxh4 Qxh4 21. Rac1 a5 22. Rxc7 Ba6 23. Qd2 Bd3 24. Rdc1 Kh7 25. Rc8 Raxc8 26. Rxc8 Rf6 27. h3 Qh5 28. Bg8+ Kg6 29. Rc6 Kg5 30. Re6 Rxe6 31. Bxe6 Qe8 32. Qxa5 Qb8 33. Qc5 h5 34. b4 Kf6 35. h4 g6 36. Kh2 Qd8 37. Bh3 Kg7 38. d6 Qxh4 39. Qxe5+ Qf6 40. Qf4 g5 41. Qxf6+ 1-0

[Event "Barcelona Sant Marti op-A 22nd"]
[Site "Barcelona"]
[Date "2022.07.21"]
[Round "9"]
[White "Nagare, Akhilesh"]
[Black "Glimbrant, Torbjorn"]
[Result "1-0"]
[WhiteElo "1856"]
[BlackElo "2206"]
[PlyCount "83"]
[EventDate "2022.07.13"]
[EventType "swiss"]
[EventRounds "9"]
[EventCountry "ESP"]
[SourceTitle "CBM 209 Extra"]
[Source "ChessBase"]
[SourceDate "2022.09.30"]
[SourceVersion "1"]
[SourceVersionDate "2022.09.30"]
[SourceQuality "1"]

1. d4 Nf6 2. c4 e6 3. Nc3 d5 4. cxd5 exd5 5. Bg5 c6 6. e3 Be7 7. Qc2 Nbd7 8. Bd3 0-0 9. Nf3 Re8 10. 0-0 Nf8 11. Rab1 Bg4 12. Ne5 Bh5 13. b4 Ng4 14. Bxe7 Qxe7 15. Nxg4 Bxg4 16. Be2 Bxe2 17. Qxe2 Rad8 18. Rfd1 Ne6 19. Qf3 b5 20. Ne2 Ng5 21. Qf4 Ne4 22. Rdc1 Nd2 23. Rb2 Nc4 24. Rb3 a5 25. a3 Ra8 26. Ng3 g6 27. h4 h5 28. e4 dxe4 29. Nxh5 e3 30. Nf6+ Kg7 31. Nxe8+ Rxe8 32. fxe3 Rh8 33. g3 Rh5 34. e4 axb4 35. axb4 Qa7 36. Qf2 Rh8 37. Rf1 Qe7 38. e5 Rd8 39. Rf3 Rd7 40. Rf6 Rc7 41. Qf4 Ra7 42. e6 1-0

[Event "Barcelona Sant Marti op-A 22nd"]
[Site "Barcelona"]
[Date "2022.07.20"]
[Round "8"]
[White "Glimbrant, Torbjorn"]
[Black "Shah, Vishwa Megh"]
[Result "1-0"]
[WhiteElo "2206"]
[BlackElo "1931"]
[PlyCount "57"]
[EventDate "2022.07.13"]
[EventType "swiss"]
[EventRounds "9"]
[EventCountry "ESP"]
[SourceTitle "CBM 209 Extra"]
[Source "ChessBase"]
[SourceDate "2022.09.30"]
[SourceVersion "1"]
[SourceVersionDate "2022.09.30"]
[SourceQuality "1"]

1. Nf3 c5 2. e3 Nf6 3. d4 g6 4. c4 Bg7 5. Nc3 0-0 6. Be2 cxd4 7. exd4 d5 8. 0-0 Nc6 9. h3 b6 10. Ne5 Bb7 11. Bf3 Na5 12. b4 Nxc4 13. Nxc4 Rc8 14. Nxb6 Qxb6 15. Na4 Qxb4 16. Nc5 Bc6 17. Be3 e6 18. Rb1 Qa5 19. Qb3 Nd7 20. Nxd7 Bxd7 21. Qb4 Qxb4 22. Rxb4 a5 23. Rb7 Ba4 24. Ra7 Ra8 25. Rxa8 Rxa8 26. Rc1 Bf8 27. Bf4 Bb5 28. Be5 Bc4 29. Rxc4 1-0

[Event "Barcelona Sant Marti op-A 22nd"]
[Site "Barcelona"]
[Date "2022.07.15"]
[Round "3"]
[White "Deodhar, Vrushali Umesh"]
[Black "Glimbrant, Torbjorn"]
[Result "1-0"]
[WhiteElo "1984"]
[BlackElo "2206"]
[PlyCount "179"]
[EventDate "2022.07.13"]
[EventType "swiss"]
[EventRounds "9"]
[EventCountry "ESP"]
[SourceTitle "CBM 209 Extra"]
[Source "ChessBase"]
[SourceDate "2022.09.30"]
[SourceVersion "1"]
[SourceVersionDate "2022.09.30"]
[SourceQuality "1"]

1. c4 c5 2. Nf3 Nf6 3. Nc3 Nc6 4. d4 cxd4 5. Nxd4 g6 6. e4 Nxd4 7. Qxd4 d6 8. Be2 Bg7 9. 0-0 0-0 10. Qd3 Be6 11. h3 Rc8 12. Nd5 Nd7 13. Bg5 Re8 14. Rad1 Bxb2 15. Qb3 Bxd5 16. Qxb2 Bxc4 17. Bxc4 Rxc4 18. Bh6 f6 19. Qxb7 Nb6 20. Qxa7 Rxe4 21. Rb1 Nc4 22. Rb3 Qa8 23. Qd7 Ne5 24. Qb5 Qc6 25. Qa5 Ra8 26. Qd2 Nc4 27. Qc2 d5 28. Rfb1 Kf7 29. f3 Rh4 30. Be3 Qa4 31. Bf2 Rh5 32. Ra1 Na5 33. Rc3 Qxc2 34. Rxc2 Re5 35. Rd1 Ke6 36. Bd4 Rh5 37. Rb1 Rh4 38. g4 Nc4 39. Kg2 g5 40. Bc5 Kd7 41. Bf2 Rh6 42. Rb7+ Kd6 43. Rb4 Re8 44. Rc1 Rg6 45. a4 Rgg8 46. Rd1 e5 47. Rb7 h6 48. a5 Ra8 49. Rdb1 Rxa5 50. Rh7 d4 51. Rbb7 Rd8 52. Rxh6 Kc6 53. Rf7 Rd6 54. Rfxf6 d3 55. Rxd6+ Nxd6 56. Be3 d2 57. Bxd2 Ra2 58. h4 gxh4 59. Rxh4 Rxd2+ 60. Kg3 Rd3 61. Kf2 Kd5 62. Ke2 Ra3 63. Rh5 Kd4 64. Kf2 Nc4 65. g5 Nd2 66. g6 Ra8 67. Rh4+ Kd5 68. Rg4 Rg8 69. Ke2 Nb3 70. f4 Nd4+ 71. Kf2 e4 72. Rg5+ Kc4 73. Ke3 Ne6 74. Rg1 Ng7 75. Kxe4 Re8+ 76. Kf3 Kd5 77. Kg4 Rf8 78. Ra1 Ke6 79. Ra6+ Kd5 80. Ra7 Ne8 81. f5 Ke5 82. Re7+ Kd6 83. Re6+ Kd7 84. Ra6 Nd6 85. Ra7+ Kc6 86. g7 Rg8 87. f6 Kd5 88. Kg5 Ke6 89. Re7+ Kd5 90. Kg6 1-0

[Event "Barcelona Sant Marti op-A 22nd"]
[Site "Barcelona"]
[Date "2022.07.13"]
[Round "1"]
[White "Martinez Mesa, Chaneli"]
[Black "Glimbrant, Torbjorn"]
[Result "1-0"]
[WhiteElo "1875"]
[BlackElo "2206"]
[PlyCount "177"]
[EventDate "2022.07.13"]
[EventType "swiss"]
[EventRounds "9"]
[EventCountry "ESP"]
[SourceTitle "CBM 209 Extra"]
[Source "ChessBase"]
[SourceDate "2022.09.30"]
[SourceVersion "1"]
[SourceVersionDate "2022.09.30"]
[SourceQuality "1"]

1. d4 Nf6 2. Nf3 e6 3. e3 c5 4. Bd3 Nc6 5. c3 d5 6. Nbd2 Bd6 7. 0-0 0-0 8. dxc5 Bxc5 9. e4 Qc7 10. exd5 exd5 11. a4 Bg4 12. Qc2 Rfe8 13. h3 Bh5 14. b4 Bd6 15. Bb2 Bf4 16. Rfe1 a6 17. b5 axb5 18. axb5 Rxa1 19. Rxa1 Ne5 20. Nxe5 Bxe5 21. c4 Bg6 22. Bxe5 Qxe5 23. Rc1 dxc4 24. Nxc4 Bxd3 25. Qxd3 Qxb5 26. Rb1 Qc6 27. Na5 Qa6 28. Qxa6 bxa6 29. Rb6 Re1+ 30. Kh2 h5 31. Rxa6 Ra1 32. Ra8+ Kh7 33. Ra7 Ne4 34. f3 Nd2 35. Nc6 Rc1 36. Ne5 f6 37. Nd7 Nf1+ 38. Kg1 Kg6 39. Nf8+ Kh6 40. Ne6 g6 41. Kf2 Nd2 42. Rd7 Rc2 43. h4 Nb3+ 44. Kg3 Nc5 45. Rc7 Nxe6 46. Rxc2 Nd4 47. Rc7 g5 48. Rc5 Kg6 49. hxg5 fxg5 50. Rd5 Nf5+ 51. Kf2 h4 52. Ra5 Kf6 53. Ke2 Ng3+ 54. Kd3 Nh5 55. Ke4 Ng3+ 56. Ke3 Nh5 57. Kf2 Kg6 58. Ra8 Kf5 59. Rf8+ Ke5 60. Rh8 Ng3 61. Rg8 Kf5 62. Rf8+ Kg6 63. Ke3 Nf5+ 64. Ke4 Nd6+ 65. Kd5 Nf5 66. Ke4 Nd6+ 67. Ke5 Nc4+ 68. Kd4 Nd6 69. Ra8 Nf5+ 70. Ke4 Nd6+ 71. Ke5 Nc4+ 72. Kd4 Nd2 73. Ra2 Nf1 74. Ke4 Kh5 75. Ra8 Ng3+ 76. Ke5 Kg6 77. Rg8+ Kh6 78. Kf6 Nh5+ 79. Kf5 Nf4 80. Rxg5 h3 81. gxh3 Nxh3 82. Rg8 Nf2 83. Kf6 Kh7 84. Rd8 Nh3 85. Rd7+ Kg8 86. Rg7+ Kh8 87. Rg3 Nf4 88. Kf7 Nh5 89. Rh3 1-0

[Event "SWE-chT 2122 Elite"]
[Site "Sweden"]
[Date "2022.05.14"]
[Round "8.2"]
[White "Glimbrant, Torbjorn"]
[Black "Schneider, Stefan"]
[Result "0-1"]
[WhiteElo "2239"]
[BlackElo "2375"]
[PlyCount "88"]
[EventDate "2021.12.03"]
[EventType "team-tourn"]
[EventRounds "9"]
[EventCountry "SWE"]
[SourceTitle "EXT 2023"]
[Source "ChessBase"]
[SourceDate "2022.10.05"]
[SourceVersion "1"]
[SourceVersionDate "2022.10.05"]
[SourceQuality "1"]
[WhiteTeam "Kungstornet"]
[BlackTeam "Limhamn"]
[WhiteTeamCountry "SWE"]
[BlackTeamCountry "SWE"]

1. d4 Nf6 2. Nf3 d5 3. c4 dxc4 4. e3 a6 5. Bxc4 e6 6. a4 c5 7. 0-0 b6 8. Qe2 Bb7 9. Rd1 Qc7 10. Nc3 Nc6 11. d5 exd5 12. Nxd5 Nxd5 13. Bxd5 Be7 14. b3 0-0 15. Bb2 Nb4 16. Bxb7 Qxb7 17. Qc4 Rfd8 18. Qg4 Bf8 19. Ng5 Qe7 20. Qf5 g6 21. Qf6 Qxf6 22. Bxf6 Rd5 23. e4 Rd3 24. Rxd3 Nxd3 25. Rd1 c4 26. bxc4 Nc5 27. h4 h6 28. Nf3 Nxe4 29. Bd4 Rd8 30. Re1 Nc5 31. Bxc5 Bxc5 32. g4 Rd3 33. Re8+ Kg7 34. Kg2 Rc3 35. Ne5 Rc2 36. Nd3 Bd4 37. Kf3 Rxc4 38. Re4 Rxa4 39. Kg2 b5 40. f4 Bf6 41. Rxa4 bxa4 42. h5 gxh5 43. gxh5 Bc3 44. Kf3 Bd2 0-1

[Event "SWE-chT Group 1 Qualifier"]
[Site "Lund"]
[Date "2021.10.01"]
[Round "1.5"]
[White "Glimbrant, Torbjorn"]
[Black "Lissang, Christopher"]
[Result "1/2-1/2"]
[WhiteElo "2244"]
[BlackElo "2342"]
[PlyCount "50"]
[EventDate "2021.10.01"]
[EventType "team-tourn"]
[EventRounds "3"]
[EventCountry "SWE"]
[SourceTitle "CBM 204 Extra"]
[Source "ChessBase"]
[SourceDate "2021.11.30"]
[SourceVersion "1"]
[SourceVersionDate "2021.11.30"]
[SourceQuality "1"]

1. Nf3 Nf6 2. c4 e6 3. d4 c5 4. e3 cxd4 5. exd4 d5 6. Nc3 Be7 7. cxd5 Nxd5 8. Bd3 Nc6 9. 0-0 0-0 10. a3 Bf6 11. Be4 Nce7 12. Ne5 Bd7 13. Qd3 g6 14. Bh6 Re8 15. Rfe1 Bc6 16. Rad1 Nxc3 17. Nxc6 Nxc6 18. bxc3 Qa5 19. Rb1 Rac8 20. Bd2 Qc7 21. Qf3 Be7 22. a4 Bd6 23. h4 h5 24. g4 f5 25. gxf5 exf5 1/2-1/2

[Event "SWE-chT 1920 Superettan"]
[Site "Sweden"]
[Date "2019.10.20"]
[Round "3"]
[White "Lindberg, Henrik"]
[Black "Glimbrant, Torbjorn"]
[Result "0-1"]
[WhiteElo "2194"]
[BlackElo "2225"]
[PlyCount "134"]
[EventDate "2019.10.18"]
[EventType "team-tourn"]
[EventRounds "9"]
[EventCountry "SWE"]
[SourceTitle "EXT 2023"]
[Source "ChessBase"]
[SourceDate "2022.10.05"]
[SourceVersion "1"]
[SourceVersionDate "2022.10.05"]
[SourceQuality "1"]
[WhiteTeam "Upsala"]
[BlackTeam "Kungstornet"]
[WhiteTeamCountry "SWE"]
[BlackTeamCountry "SWE"]

1. e4 e6 2. d4 d5 3. Nc3 Bb4 4. e5 b6 5. h4 Qd7 6. h5 h6 7. Qg4 Bf8 8. a4 Nc6 9. Nf3 Bb7 10. Nh4 0-0-0 11. Qd1 Bb4 12. f4 Nge7 13. Rh3 Kb8 14. Bb5 a6 15. Be2 Rdg8 16. Nf3 g6 17. Kf2 Nf5 18. Na2 Bf8 19. c3 gxh5 20. Bd3 Rg4 21. Bxf5 exf5 22. Rxh5 Rhg8 23. Rh2 Na5 24. b3 c5 25. Rb1 Kc7 26. Be3 c4 27. b4 Nb3 28. Nc1 Qxa4 29. Nxb3 cxb3 30. Qxb3 Qb5 31. Qc2 Bc8 32. Nh4 Qd7 33. Qd3 Qe6 34. Ra1 Kb8 35. Ra2 Be7 36. Nf3 Qg6 37. Kf1 h5 38. Qe2 Bb7 39. Qd3 h4 40. Qe2 Qc6 41. Qd3 Bc8 42. Kf2 Qg6 43. Kf1 Rg3 44. Qe2 Qg4 45. Ne1 Qxe2+ 46. Kxe2 Bd7 47. Kf2 Bb5 48. Nf3 R3g4 49. Bd2 Kb7 50. Ra1 Kc7 51. Rah1 Bd3 52. Ng5 Bxg5 53. fxg5 Be4 54. Rxh4 Rxg2+ 55. Ke1 Kc6 56. R1h2 Rxh2 57. Rxh2 Rg7 58. Rh6+ Kb5 59. e6 fxe6 60. Rxe6 a5 61. bxa5 bxa5 62. g6 f4 63. Bxf4 Rxg6 64. Rxg6 Bxg6 65. Bd6 Kc4 66. Kd2 a4 67. Kc1 Kb3 0-1

[Event "SWE-chT 1920 Superettan"]
[Site "Sweden"]
[Date "2019.10.18"]
[Round "1"]
[White "Glimbrant, Torbjorn"]
[Black "Wikstrom, Per"]
[Result "1/2-1/2"]
[WhiteElo "2225"]
[BlackElo "2157"]
[PlyCount "56"]
[EventDate "2019.10.18"]
[EventType "team-tourn"]
[EventRounds "9"]
[EventCountry "SWE"]
[SourceTitle "EXT 2023"]
[Source "ChessBase"]
[SourceDate "2022.10.05"]
[SourceVersion "1"]
[SourceVersionDate "2022.10.05"]
[SourceQuality "1"]
[WhiteTeam "Kungstornet"]
[BlackTeam "Norrkoping Schack 08"]
[WhiteTeamCountry "SWE"]
[BlackTeamCountry "SWE"]

1. Nf3 d5 2. e3 Nf6 3. c4 c6 4. d4 e6 5. b3 Nbd7 6. Bd3 Bd6 7. Bb2 Qe7 8. 0-0 e5 9. dxe5 Nxe5 10. Nxe5 Bxe5 11. Bxe5 Qxe5 12. Nd2 0-0 13. Qc2 h6 14. Rae1 Be6 15. Nf3 Qc7 16. c5 Rae8 17. b4 Bd7 18. a4 Ne4 19. Nd4 Re5 20. Rc1 Rfe8 21. b5 Nf6 22. Rfe1 Ng4 23. Nf3 Rh5 24. h3 Ne5 25. Nxe5 Rhxe5 26. Qd2 Qc8 27. Bf1 Qd8 28. bxc6 Bxc6 1/2-1/2

[Event "Sitges op 45th"]
[Site "Sitges"]
[Date "2019.07.29"]
[Round "8"]
[White "Moncada Correa, Sara"]
[Black "Glimbrant, Torbjorn"]
[Result "0-1"]
[WhiteElo "1909"]
[BlackElo "2195"]
[PlyCount "79"]
[EventDate "2019.07.22"]
[EventType "swiss"]
[EventRounds "9"]
[EventCountry "ESP"]
[SourceTitle "CBM 191 Extra"]
[Source "ChessBase"]
[SourceDate "2019.09.30"]
[SourceVersion "1"]
[SourceVersionDate "2019.09.30"]
[SourceQuality "1"]

1. d4 Nf6 2. c4 c5 3. d5 d6 4. g3 e6 5. Nc3 exd5 6. cxd5 g6 7. Bg2 Bg7 8. Nf3 0-0 9. 0-0 Na6 10. Re1 Nc7 11. e4 Ng4 12. Bf4 f6 13. a4 b6 14. Qb3 Ne5 15. Nxe5 fxe5 16. Be3 h5 17. Qc4 Kh7 18. b4 cxb4 19. Qxb4 Na6 20. Qa3 Nc5 21. Bf1 Bh6 22. Rac1 Bxe3 23. Rxe3 Qf6 24. Rc2 a6 25. Bg2 Bg4 26. h3 Bd7 27. Rf3 Qe7 28. Rxf8 Qxf8 29. Qb4 Rb8 30. Bf1 Qe8 31. Ra2 Qd8 32. Rb2 Qg5 33. Kh2 h4 34. Qc4 Rf8 35. Qe2 hxg3+ 36. fxg3 Qe7 37. Nd1 Bxa4 38. Nf2 Bb5 39. Rxb5 axb5 40. Bg2 0-1

[Event "Sitges op 45th"]
[Site "Sitges"]
[Date "2019.07.26"]
[Round "5"]
[White "Glimbrant, Torbjorn"]
[Black "Pogorelov, Ruslan"]
[Result "0-1"]
[WhiteElo "2195"]
[BlackElo "2347"]
[PlyCount "102"]
[EventDate "2019.07.22"]
[EventType "swiss"]
[EventRounds "9"]
[EventCountry "ESP"]
[SourceTitle "CBM 191 Extra"]
[Source "ChessBase"]
[SourceDate "2019.09.30"]
[SourceVersion "1"]
[SourceVersionDate "2019.09.30"]
[SourceQuality "1"]

1. d4 Nf6 2. Nf3 e6 3. c4 Bb4+ 4. Bd2 a5 5. e3 b6 6. Nc3 Bb7 7. Bd3 0-0 8. Qc2 c5 9. a3 cxd4 10. Nxd4 Be7 11. 0-0 Na6 12. Rad1 Nc5 13. Be2 Rc8 14. Bf3 Bxf3 15. Nxf3 Qc7 16. e4 d6 17. Bf4 Qb7 18. Bxd6 Bxd6 19. Rxd6 Ncxe4 20. Nxe4 Nxe4 21. Rd4 Nf6 22. Rfd1 Qc7 23. Qb3 Qc5 24. Qe3 b5 25. Qe5 bxc4 26. Rc1 Nd5 27. Rg4 g6 28. Rgxc4 Qxc4 29. Rxc4 Rxc4 30. h4 h5 31. Ng5 Rc6 32. Ne4 f6 33. Qd4 Rf7 34. Nc5 Kg7 35. b4 axb4 36. axb4 Rb6 37. b5 Nc7 38. g4 hxg4 39. Qxg4 Rxb5 40. Qc4 Rb6 41. Kh2 Rc6 42. Qd4 e5 43. Qe3 Ne6 44. Ne4 Nf4 45. Qb3 Rfc7 46. Qb8 Rd7 47. Qa8 Rc2 48. Qa4 Rdc7 49. Qa6 R7c6 50. Qa3 f5 51. Nd6 R2c3 0-1

[Event "Barcelona Sant Marti op 21st"]
[Site "Barcelona"]
[Date "2019.07.19"]
[Round "7"]
[White "Glimbrant, Torbjorn"]
[Black "Tahay, Alexis"]
[Result "1-0"]
[WhiteElo "2195"]
[BlackElo "2371"]
[PlyCount "65"]
[EventDate "2019.07.13"]
[EventType "swiss"]
[EventRounds "9"]
[EventCountry "ESP"]
[SourceTitle "EXT 2020"]
[Source "ChessBase"]
[SourceDate "2019.10.17"]
[SourceVersion "1"]
[SourceVersionDate "2019.10.17"]
[SourceQuality "1"]

1. d4 Nf6 2. Nf3 c5 3. e3 e6 4. c4 cxd4 5. exd4 Be7 6. Nc3 0-0 7. Bd3 d5 8. cxd5 Nxd5 9. 0-0 Nc6 10. a3 Nxc3 11. bxc3 Bf6 12. Re1 b6 13. Qc2 h6 14. Qe2 Qd5 15. Be4 Qd7 16. Ne5 Bxe5 17. dxe5 Bb7 18. Bxh6 gxh6 19. Qg4+ Kh8 20. Qh4 f5 21. exf6 Rad8 22. Qxh6+ Kg8 23. Qg6+ Kh8 24. Rad1 Qf7 25. Qh6+ Kg8 26. Bg6 Qc7 27. f7+ Rxf7 28. Bxf7+ Qxf7 29. Rxd8+ Nxd8 30. Qg5+ Kh7 31. Qxd8 Qg7 32. Qh4+ Kg8 33. Qg3 1-0

[Event "Ceske Budejovice op"]
[Site "Ceske Budejovice"]
[Date "2019.07.05"]
[Round "7"]
[White "Placer, Sebastian"]
[Black "Glimbrant, Torbjorn"]
[Result "1-0"]
[WhiteElo "2052"]
[BlackElo "2195"]
[PlyCount "119"]
[EventDate "2019.06.29"]
[EventType "swiss"]
[EventRounds "9"]
[EventCountry "CZE"]
[SourceTitle "CBM 191 Extra"]
[Source "ChessBase"]
[SourceDate "2019.09.30"]
[SourceVersion "1"]
[SourceVersionDate "2019.09.30"]
[SourceQuality "1"]

1. d4 d5 2. Nf3 Nf6 3. c4 dxc4 4. e3 e6 5. Bxc4 c5 6. 0-0 a6 7. Qe2 Nc6 8. Rd1 Qc7 9. Bb3 b5 10. h3 Bb7 11. Nbd2 cxd4 12. Nxd4 Nxd4 13. exd4 Be7 14. Nf3 0-0 15. Bg5 Nd5 16. Rac1 Qd8 17. Be3 Qd6 18. Ne5 Rac8 19. Nd3 Nxe3 20. fxe3 Bd5 21. Nc5 Bxb3 22. Nxb3 Qg3 23. Qf2 Qb8 24. Qf3 Qb6 25. Kh1 a5 26. Nd2 a4 27. Ne4 a3 28. b3 f5 29. Nc3 Bb4 30. Ne2 g6 31. Nf4 g5 32. Nd3 Bd6 33. Qh5 Rxc1 34. Qxg5+ Kh8 35. Rxc1 Qb7 36. Nf4 Qf7 37. Qh6 Bxf4 38. Qxf4 Qf6 39. Rc5 b4 40. Rc4 Re8 41. Rxb4 h5 42. Rb8 Rxb8 43. Qxb8+ Kh7 44. Qa7+ Kg6 45. Qxa3 Qh4 46. Qd6 Qe1+ 47. Kh2 Kf7 48. d5 exd5 49. Qxd5+ Kg6 50. Qe5 Qb1 51. Qe6+ Kg7 52. a4 Qc2 53. Qc4 Qa2 54. Qc3+ Kg6 55. a5 h4 56. b4 Qf2 57. Qe5 Qe1 58. a6 Qxb4 59. a7 Qa3 60. Qb8 1-0

[Event "Ceske Budejovice op"]
[Site "Ceske Budejovice"]
[Date "2019.07.03"]
[Round "5"]
[White "Velicka, Petr"]
[Black "Glimbrant, Torbjorn"]
[Result "1-0"]
[WhiteElo "2428"]
[BlackElo "2195"]
[PlyCount "79"]
[EventDate "2019.06.29"]
[EventType "swiss"]
[EventRounds "9"]
[EventCountry "CZE"]
[SourceTitle "CBM 191 Extra"]
[Source "ChessBase"]
[SourceDate "2019.09.30"]
[SourceVersion "1"]
[SourceVersionDate "2019.09.30"]
[SourceQuality "1"]

1. e4 e5 2. Nf3 Nc6 3. Bb5 a6 4. Ba4 d6 5. c3 Bd7 6. 0-0 Nge7 7. d4 Ng6 8. Nbd2 Be7 9. Re1 h6 10. Nf1 Bg5 11. Ne3 Bxe3 12. Bxe3 0-0 13. h3 Re8 14. Bc2 Qf6 15. dxe5 Ncxe5 16. Nxe5 Nxe5 17. f4 Nc4 18. Bc1 Qh4 19. b3 Nb6 20. Re2 Bc6 21. Bd2 Nd7 22. Qe1 Qxe1+ 23. Raxe1 a5 24. c4 b6 25. Bc3 f6 26. g3 Re7 27. a3 Kf8 28. Kf2 Rae8 29. Re3 Nc5 30. e5 fxe5 31. fxe5 dxe5 32. Bxe5 Be4 33. b4 axb4 34. axb4 Nd7 35. Bxc7 Bxc2 36. Rxe7 Rxe7 37. Bd6 Bf5 38. g4 Bd3 39. Rxe7 Nf6 40. Re3+ 1-0

[Event "Rilton Cup 48th"]
[Site "Stockholm"]
[Date "2018.12.30"]
[Round "4"]
[White "Sucikova, Svetlana"]
[Black "Glimbrant, Torbjorn"]
[Result "0-1"]
[WhiteElo "2139"]
[BlackElo "2268"]
[PlyCount "52"]
[EventDate "2018.12.27"]
[EventType "swiss"]
[EventRounds "9"]
[EventCountry "SWE"]
[SourceTitle "CBM 188 Extra"]
[Source "ChessBase"]
[SourceDate "2019.02.26"]
[SourceVersion "1"]
[SourceVersionDate "2019.02.26"]
[SourceQuality "1"]

1. Nf3 Nf6 2. c4 g6 3. Nc3 Bg7 4. e4 d6 5. d4 0-0 6. Be2 e5 7. 0-0 Na6 8. Rb1 exd4 9. Nxd4 Nc5 10. f3 a5 11. Be3 c6 12. Qc1 Nh5 13. Rd1 Qe7 14. b3 Bd7 15. Na4 Rae8 16. Qd2 f5 17. Nxc5 dxc5 18. Nc2 Bc8 19. Qxa5 fxe4 20. Bxc5 Qg5 21. Bb6 Re5 22. Qd2 Nf4 23. Bf1 exf3 24. g3 Re2 25. Qc1 Qh5 26. h4 Qg4 0-1

[Event "SWE-chT 1819 Superettan"]
[Site "Sweden"]
[Date "2018.11.11"]
[Round "3"]
[White "Adler, Bo"]
[Black "Glimbrant, Torbjorn"]
[Result "1/2-1/2"]
[WhiteElo "2176"]
[BlackElo "2261"]
[PlyCount "55"]
[EventDate "2018.11.09"]
[EventType "team-tourn"]
[EventRounds "9"]
[EventCountry "SWE"]
[SourceTitle "EXT 2020"]
[Source "ChessBase"]
[SourceDate "2019.10.17"]
[SourceVersion "1"]
[SourceVersionDate "2019.10.17"]
[SourceQuality "1"]
[WhiteTeam "Sodra"]
[BlackTeam "Kungstornet"]
[WhiteTeamCountry "SWE"]
[BlackTeamCountry "SWE"]

1. d4 d5 2. c4 dxc4 3. e4 Nf6 4. Nc3 c5 5. Bxc4 e6 6. Nf3 cxd4 7. Qxd4 Qxd4 8. Nxd4 a6 9. a4 Bb4 10. f3 0-0 11. Be3 Bd7 12. Kf2 Rc8 13. Be2 Nc6 14. Nxc6 Rxc6 15. Rhd1 Be8 16. Na2 Be7 17. Nc1 Rac8 18. Nd3 Nd7 19. Bd4 Nc5 20. Nxc5 Bxc5 21. Ke3 Kf8 22. Bxc5+ Rxc5 23. Rd4 Ke7 24. Rb4 R8c7 25. Bd3 e5 26. Rb6 f6 27. Ra3 R5c6 28. Rxc6 1/2-1/2

[Event "SWE-chT 1819 Superettan"]
[Site "Sweden"]
[Date "2018.11.10"]
[Round "2"]
[White "Gamback, Bjorn"]
[Black "Glimbrant, Torbjorn"]
[Result "1/2-1/2"]
[WhiteElo "2096"]
[BlackElo "2261"]
[PlyCount "85"]
[EventDate "2018.11.09"]
[EventType "team-tourn"]
[EventRounds "9"]
[EventCountry "SWE"]
[SourceTitle "EXT 2020"]
[Source "ChessBase"]
[SourceDate "2019.10.17"]
[SourceVersion "1"]
[SourceVersionDate "2019.10.17"]
[SourceQuality "1"]
[WhiteTeam "Kristallen"]
[BlackTeam "Kungstornet"]
[WhiteTeamCountry "SWE"]
[BlackTeamCountry "SWE"]

1. Nf3 Nf6 2. c4 g6 3. b4 Bg7 4. Bb2 0-0 5. e3 d6 6. Be2 e5 7. d3 a5 8. b5 Nbd7 9. 0-0 Nc5 10. Nc3 Re8 11. Qc2 Bf5 12. Ne1 c6 13. Bf3 Rc8 14. bxc6 bxc6 15. Ne4 Nfxe4 16. dxe4 Be6 17. Nd3 Nd7 18. Rac1 Qb6 19. Ba3 c5 20. Nb2 Qa6 21. Na4 Nb8 22. Qd3 Bf8 23. Be2 Nc6 24. Nc3 Nb4 25. Bxb4 axb4 26. Nd5 Bxd5 27. cxd5 Qxd3 28. Bxd3 Ra8 29. Bc4 Ra3 30. Rc2 h5 31. Rd1 Rea8 32. Kf1 Bh6 33. Rd3 f5 34. Ke2 fxe4 35. Rxa3 Rxa3 36. Bb3 Bg5 37. Rc4 Kg7 38. Rxe4 Ra7 39. Rc4 Bf6 40. Kd3 Kh6 41. Ke4 Bg5 42. Rc2 Bf6 43. Bc4 1/2-1/2

[Event "Sitges op 44th"]
[Site "Sitges"]
[Date "2018.07.27"]
[Round "7"]
[White "Glimbrant, Torbjorn"]
[Black "Beltran Rueda, Santiago"]
[Result "0-1"]
[WhiteElo "2213"]
[BlackElo "2362"]
[PlyCount "75"]
[EventDate "2018.07.22"]
[EventType "swiss"]
[EventRounds "9"]
[EventCountry "ESP"]
[SourceTitle "CBM 185 Extra"]
[Source "ChessBase"]
[SourceDate "2018.07.29"]
[SourceVersion "1"]
[SourceVersionDate "2018.07.29"]
[SourceQuality "1"]

1. d4 Nf6 2. c4 g6 3. Nc3 Bg7 4. e4 d6 5. Nf3 Bg4 6. Be3 Nfd7 7. Be2 c5 8. d5 Na6 9. 0-0 Nc7 10. h3 Bxf3 11. Bxf3 0-0 12. Qd2 Re8 13. Rad1 Qb8 14. Be2 a6 15. a4 Qa7 16. b4 b6 17. a5 Reb8 18. Na4 b5 19. bxc5 dxc5 20. d6 Ne6 21. dxe7 bxa4 22. Qxd7 Nd4 23. Qxa7 Rxa7 24. Bd3 Rxe7 25. Bf4 Rb3 26. Bd6 Rd7 27. e5 Bf8 28. Bxf8 Kxf8 29. f4 a3 30. f5 Nxf5 31. Bc2 Rxd1 32. Bxb3 Rxf1+ 33. Kxf1 Nd4 34. Ba2 Nc6 35. Ke2 Nb4 36. Bb1 a2 37. Bxa2 Nxa2 38. Kd3 0-1